Catálogo

GREAT IDEAS LISTENING AND SPEAKING : (Registro nro. 22457)

Detalles MARC
000 -LEADER
fixed length control field 00557nam a2200181 a 4500
001 - CONTROL NUMBER
control field 22457
005 - DATE AND TIME OF LATEST TRANSACTION
control field 20180713220348.0
008 - FIXED-LENGTH DATA ELEMENTS--GENERAL INFORMATION
fixed length control field 140415s1987 000 0 spa d
020 ## - INTERNATIONAL STANDARD BOOK NUMBER
International Standard Book Number 0521312426
041 ## - LANGUAGE CODE
Language code of text/sound track or separate title spa
082 ## - DEWEY DECIMAL CLASSIFICATION NUMBER
Classification number 428.34
Item number JON
100 1# - MAIN ENTRY--PERSONAL NAME
Personal name JONES, LEO
245 10 - TITLE STATEMENT
Title GREAT IDEAS LISTENING AND SPEAKING :
Remainder of title ACTIVITIES FOR STUDENTS OF AMERICAN ENGLISH
260 ## - PUBLICATION, DISTRIBUTION, ETC.
Place of publication, distribution, etc. [s.l.] :
Name of publisher, distributor, etc. CAMBRIDGE UNIVERSITY PRESS,
Date of publication, distribution, etc. 1987
300 ## - PHYSICAL DESCRIPTION
Extent 108
650 14 - SUBJECT ADDED ENTRY--TOPICAL TERM
Topical term or geographic name entry element INGLES LENGUAJE
General subdivision TEXTOS PARA EXTRANJEROS
700 1# - ADDED ENTRY--PERSONAL NAME
Personal name KIMBROUGH, VICTORIA
Relator term coaut.
Existencias
Withdrawn status Lost status Source of classification or shelving scheme Damaged status Not for loan Collection code Home library Current library Shelving location Date acquired Source of acquisition Inventory number Total Checkouts Full call number Barcode Date last seen Price effective from Koha item type
    Dewey Decimal Classification     General Biblioteca Karol Wojtyla Biblioteca Karol Wojtyla Sala general 03/12/2013 Compra 151000000000000000042157   428.34 JON 43027 05/01/2026 03/12/2013 Libro